000 00630nam a2200241Ia 4500
003 OSt
005 20221007080539.0
006 a|||||r|||| 00| 0
007 ta
008 221006b |||||||| |||| 00| 0 eng d
024 _a17,561
037 _cTextual
040 _aFLL
_cFLL
_beng
041 _2eng
_aeng
082 _aY:45:(5Z), L6.1
100 _aChang D.H. Ed.
_9695003
245 0 _aCriminology
260 _aNew Delhi
_bVikas publishing house pvt. ltd. India
_c1976
300 _a461p
_ccm.
490 _vVol.1
942 _hY:45:(5Z), L6.1
_cTEXL
_2CC
999 _c1160057
_d1160057